Flashes desde la gran biblioteca de Bolonia (Record no. 69061)

MARC details
000 -CABECERA
campo de control de longitud fija 00531nam a2200181 a 4500
005 - FECHA Y HORA DE LA ÚLTIMA TRANSACCIÓN
campo de control 20210219153130.0
008 - ELEMENTOS DE LONGITUD FIJA--INFORMACIÓN GENERAL
campo de control de longitud fija 991125n 000 0 spa u
035 ## - NÚMERO DE CONTROL DEL SISTEMA
Número de control de sistema UPN01000079475
222 ## - TÍTULO CLAVE
Título clave EDUCACION Y BIBLIOTECA : REVISTA MENSUAL DE DOCUMENTACION Y RECURSOS DIDACTICOS
245 ## - MENCIÓN DE TÍTULO
Título Flashes desde la gran biblioteca de Bolonia
300 ## - DESCRIPCIÓN FÍSICA
Extensión 18-19
362 ## - FECHAS DE PUBLICACIÓN Y/O DESIGNACIÓN SECUENCIAL
Fecha de publicación y/o designación secuencial 1996 Año 8, no. 68, may.
653 0# - TERMINO DE INDIZACION - NO CONTROLADO
Término no controlado BOLONIA
653 0# - TERMINO DE INDIZACION - NO CONTROLADO
Término no controlado FERIAS DE LIBROS
653 0# - TERMINO DE INDIZACION - NO CONTROLADO
Término no controlado LIBROS INFANTILES
904 ## - ELEMENTOS DE DATOS D LOCAL, LDD (RLIN)
a AC
b 017286
905 ## - TIPO DE MATERIAL
Tipo de material Articulo

No items available.